| 000 | 00911nam a22002177a 4500 | ||
|---|---|---|---|
| 008 | 090421t xxu||||| |||| 00| 0 eng d | ||
| 020 | _a0273710753 (pbk.) | ||
| 082 |
_222 _a658.3 _bTOR |
||
| 100 |
_93855 _aTorrington, Derek _d1931- |
||
| 245 |
_aHuman resource management / _cDerek Torrington, Laura Hall, Stephen Taylor. |
||
| 250 | _a7th ed. | ||
| 260 |
_aHarlow : _bFinancial Times Prentice Hall, _c2008 |
||
| 300 |
_axxi, 882 p. : _bcol. ill. ; _c 27 cm. |
||
| 500 | _aPrevious ed.: 2005. | ||
| 504 | _a Includes bibliographical references and index. | ||
| 650 |
_93368 _aPersonnel management. |
||
| 700 |
_93856 _aHall, Laura _d 1952- |
||
| 700 |
_93860 _aTaylor, Stephen _d1965- |
||
| 942 |
_2ddc _cBB |
||
| 999 |
_c11334 _d11334 |
||